LEADER 01092nam a2200265 i 4500 001 000000112202 003 CaOOAMICUS 005 20030211000000.0 008 030211s1978 it u000 u ita u 013 $a84886 040 $aSeMil$bita 245 10$aAlla ricerca di Dio :$ble tecniche della preghiera /$ca cura di Ermanno Ancilli. 260 $a[S.l.] :$bTeresianum,$c1978. 300 $a351 p. ;$c21 cm. 490 0 $aCollana della Rivista di vita spirituale ;$v13 500 $aFondo Card. C.M. Martini. 650 4$aPreghiera.$0(OLS)http://semarc/subject/1091 700 1 $aAncilli, Ermanno,$c.$0(OLS)http://semarc/name/103 830 0$aCollana della Rivista di vita spirituale ;$v13.$0(OLS)http://semarc/title/10865 850 $aSeMil 852 $aSeMil$W1$xVenegono$y1$m2C I 96$j67980$B67980$CSeMilBibl$Z2$F84278 $81 941 1 $a4 961 $aOmaggio: Martini Card. Carlo Maria 996 $6245$aAlla ricerca di Dio :$ble tecniche della preghiera$9(OLS)http://semarc/title/163546 996 $6260$a[S.l.] :$bTeresianum$9(OLS)http://semarc/publisher/43426 LEADER 01384nam a2200289 i 4500 001 000000115434 003 CaOOAMICUS 005 20050121000000.0 008 050121n it u000 u ita u 013 $a88123 040 $aSeMil$bita 100 1 $aFavale, A.$0(OLS)http://semarc/name/48221 245 13$aIl ministero presbiterale :$bfenomenologia e diagnosi di una crisi, dottrina, spiritualitą /$cA. Favale, G. Gozzelino. 260 $aTorino-Leumann :$bElle Di Ci,$c[1972] 300 $a307 p. ;$c24 cm. 490 0 $aSaggi di teologia 500 $aIn appendice : Testo del Documento "De sacerdotio ministeriali" del Sinodo dei Vescovi del 1971. 650 4$aSacerdozio - Spiritualitą.$0(OLS)http://semarc/subject/2395 650 4$aSacerdozio - Teologia.$0(OLS)http://semarc/subject/1982 650 4$aTeologia del ministero.$0(OLS)http://semarc/subject/5387 700 1 $aGozzelino, Giorgio.$0(OLS)http://semarc/name/18919 830 0$aSaggi di teologia.$0(OLS)http://semarc/title/6634 850 $aSeMil 852 $aSeMil$W1$xVenegono$y1$m3G IV 39$j70955$B70955$CSeMilBibl$Z2$F92290 $81 961 $aLascito: Maggi mons. Francesco 996 $6245$aIl ministero presbiterale :$bfenomenologia e diagnosi di una crisi, dottrina, spiritualitą$9(OLS)http://semarc/title/169071 996 $6260$aTorino-Leumann :$bElle Di Ci$9(OLS)http://semarc/publisher/30113